AH International Schools' Libraries

Just a thunderstorm / (Record no. 49865)

MARC details
000 -LEADER
fixed length control field 00285nam a2200109 4500
020 ## - INTERNATIONAL STANDARD BOOK NUMBER
International Standard Book Number 033500115400
100 ## - MAIN ENTRY--PERSONAL NAME
Personal name Mayer, Gina
245 ## - TITLE STATEMENT
Title Just a thunderstorm /
Statement of responsibility, etc Gina Mercer Mayer
260 ## - PUBLICATION, DISTRIBUTION, ETC. (IMPRINT)
Place of publication, distribution, etc New York
Name of publisher, distributor, etc A Golden Book
Date of publication, distribution, etc 2005
300 ## - PHYSICAL DESCRIPTION
Extent unpaged.
Other physical details col. ill.
Dimensions 15 cm.
942 ## - ADDED ENTRY ELEMENTS (KOHA)
Source of classification or shelving scheme
Koha item type Book
Holdings
Withdrawn status Lost status Source of classification or shelving scheme Damaged status Not for loan Collection code Home library Current library Date acquired Total Checkouts Full call number Barcode Date last seen Price effective from Koha item type
          Primary Asian Hope Early Years Library Asian Hope Early Years Library 12/05/2025   E MAY 207324 12/05/2025 12/05/2025 Book

For any Logos Library related questions please contact Miss Art at swongnarasuk@asianhope.org.

For any Asian Hope Library related questions please contact Miss Raza at graza@asianhope.org.

Click here to explore our ebooks!

Powered by Koha